000 01306nam a2200421 i 4500
001 1771
003 KOSZ 005
005 20200115072906.0
008 071030s1981 pl a f |000 0 pol
020 _a8320402891
040 _aWA N
_cWA N
_dKOSZ 005/HR
041 _apol
046 _k1971
080 _a66
080 _a532
100 1 _aStręk, Fryderyk
_d(1926- )
_eAutor
245 1 0 _aMieszanie i mieszalniki /
_cFryderyk Stręk.
250 _aWyd. 2 zm. i rozsz.
260 _aWarszawa :
_bWydawnictwa Naukowo-Techniczne,
_c1981.
300 _a426, [2] s. :
_bil. ;
_c23 cm.
336 _2rdacontent
_aTekst
_btxt
337 _2rdamedia
_aBez urządzenia pośredniczącego
_bn
338 _2rdacarrier
_aWolumin
_bnc
380 _aKsiążki.
388 _a1901-2000
388 _a1945-1989
490 1 _aInżynieria Chemiczna.
504 _aBibliogr.
658 _aInżynieria i technika
650 4 _aUrządzenia
650 4 _aTechnologia chemiczna
650 4 _aMechanika płynów
650 4 _aMieszanie
710 2 _aWydawnictwa Naukowo-Techniczne
_4pbl.
856 _uhttp://koha.tu.koszalin.pl/cgi-bin/koha/opac-detail.pl?biblionumber=1771
_yKatalog online BPK
830 0 _aInżynieria Chemiczna
942 _2UKD
_cKS
999 _c1771
_d1771